|
|
|
|
| LEADER |
02318nam a2200277 a 4500 |
| 001 |
15141408 |
| 008 |
090602s1994 njua b 001 0 eng d |
| 010 |
|
|
|a 2008001681
|
| 020 |
|
|
|a 8120308875
|
| 040 |
|
|
|a DLC
|c DLC
|d YDX
|d BAKER
|d BTCTA
|d YDXCP
|d DLC
|
| 082 |
0 |
0 |
|a 658.15/11
|2 20
|
| 100 |
1 |
|
|a Horngren, Charles T.,
|d 1926-
|
| 245 |
0 |
0 |
|a Cost accounting :
|b a managerial emphasis /
|c Charles T. Horngren ... [et al.].
|
| 250 |
|
|
|a 8th ed.
|
| 260 |
|
|
|a Upper Saddle River, NJ,
|a New Delhi :
|b Pearson Prentice Hall,
|c c1994.
|
| 300 |
|
|
|a xx, 969 p. :
|b ill. ;
|c 29 cm.
|
| 490 |
|
0 |
|a Charles T. Horngren series in accounting
|
| 504 |
|
|
|a Includes bibliographical references (p. 925-926) and indexes.
|
| 541 |
1 |
|
|e 00006019
|
| 505 |
0 |
|
|a The accountant's role in the organization -- An introduction to cost terms and purposes -- Cost-volume-profit analysis -- Job costing -- Activity-based costing and activity-based management -- Master budget and responsibility accounting -- Flexible budgets, direct-cost variances, and management control -- Flexible budgets, overhead cost variances, and management control -- Inventory costing and capacity analysis -- Determining how costs behave -- Decision making and relevant information -- Pricing decisions and cost management -- Strategy, balanced scorecard, and strategic profitability analysis -- Cost allocation, customer-profitability analysis, and sales-variance analysis -- Allocation of support-department costs, common costs, and revenues -- Cost allocation : joint products and byproducts -- Process costing -- Spoilage, rework, and scrap -- Balanced scorecard : quality, time, and the theory of constraints -- Inventory management, just-in-time, and simplified costing methods -- Capital budgeting and cost analysis -- Management control systems, transfer pricing, and multinational -- Considerations -- Performance measurement, compensation, and multinational considerations -- Performance measurement, compensation, and multinational considerations.
|
| 650 |
|
0 |
|a Cost accounting.
|
| 700 |
1 |
|
|a Foster, George
|
| 700 |
1 |
|
|e Datar, Srikant M.
|
| 942 |
0 |
0 |
|0 1
|
| 999 |
|
|
|c 1420
|d 1420
|
| 952 |
|
|
|0 0
|1 0
|2 ddc
|4 0
|6 658_151100000000000_HOR_1994
|7 0
|9 1298
|a BRACUL
|b BRACUL
|c GEN
|d 2009-06-25
|g 500.00
|l 6
|m 67
|o 658.1511 HOR
|p 3010006019
|r 2019-05-05
|s 2019-01-22
|t 1
|v 1000.00
|w 2009-06-25
|y BK
|